[Event "FICGS class F 000148 email"]
[Site "FICGS email"]
[Date "2014.05.14"]
[Round "1"]
[White "Neil, Charles"]
[Black "Ruano, Pablo"]
[Result "1-0"]
[WhiteElo "1090"]
[BlackElo "818"]
[PlyCount "25"]
[EventDate "2014.??.??"]
[EventType "tourn (corr)"]
[EventRounds "5"]
[SourceTitle "Corr 2022"]
[Source "ChessBase"]
[SourceDate "2021.10.24"]
[SourceVersion "1"]
[SourceVersionDate "2021.10.24"]
[SourceQuality "1"]

1. Nf3 d5 2. d4 Nc6 3. c4 Nf6 4. Nc3 e6 5. e3 Bb4 6. a3 Bxc3+ 7. bxc3 0-0 8. cxd5 exd5 9. Bd3 Bg4 10. h3 Bh5 11. c4 Re8 12. 0-0 Ne4 13. Bb2 1-0

[Event "FICGS class F 000148 email"]
[Site "FICGS email"]
[Date "2014.05.14"]
[Round "1"]
[White "Ruano, Pablo"]
[Black "Cavaille, Cedric"]
[Result "1-0"]
[WhiteElo "818"]
[BlackElo "1087"]
[PlyCount "61"]
[EventDate "2014.??.??"]
[EventType "tourn (corr)"]
[EventRounds "5"]
[SourceTitle "Corr 2022"]
[Source "ChessBase"]
[SourceDate "2021.10.24"]
[SourceVersion "1"]
[SourceVersionDate "2021.10.24"]
[SourceQuality "1"]

1. d4 d5 2. c4 dxc4 3. Nc3 e6 4. e4 Qd7 5. Bxc4 Bb4 6. Nf3 Bxc3+ 7. bxc3 Nf6 8. e5 Nd5 9. Bd2 h6 10. 0-0 0-0 11. Nh4 a6 12. Qg4 Kh8 13. Bd3 f6 14. Ng6+ Kg8 15. Nxf8 Kxf8 16. exf6 gxf6 17. Bxh6+ Ke7 18. c4 Nb4 19. Qg7+ Kd8 20. Qxf6+ Qe7 21. Qh8+ Kd7 22. Bf8 Nxd3 23. Bxe7 Kxe7 24. Qxc8 a5 25. Qxc7+ Kf6 26. Qxb7 Ra6 27. Qxb8 Nb4 28. Qf8+ Kg5 29. f4+ Kg4 30. Qf6 Rd6 31. Qg5# 1-0

[Event "FICGS class F 000147 email"]
[Site "FICGS email"]
[Date "2014.04.27"]
[Round "1"]
[White "Ruano, Pablo"]
[Black "Rajput, Vishalsingh"]
[Result "0-1"]
[WhiteElo "818"]
[BlackElo "1031"]
[PlyCount "22"]
[EventDate "2014.??.??"]
[EventType "tourn (corr)"]
[EventRounds "5"]
[SourceTitle "Corr 2022"]
[Source "ChessBase"]
[SourceDate "2021.10.24"]
[SourceVersion "1"]
[SourceVersionDate "2021.10.24"]
[SourceQuality "1"]

1. d4 d5 2. c4 Bf5 3. Nc3 Nf6 4. e3 Nc6 5. Nf3 e6 6. c5 Be7 7. Bb5 0-0 8. 0-0 Nb8 9. Nh4 c6 10. Ba4 h6 11. Nxf5 exf5 0-1

[Event "FICGS theme 0001 email"]
[Site "FICGS email"]
[Date "2011.11.22"]
[Round "1"]
[White "Simmelink, Joop Theo"]
[Black "Ruano, Pablo"]
[Result "0-1"]
[WhiteElo "2026"]
[BlackElo "1565"]
[PlyCount "22"]
[EventDate "2011.??.??"]
[EventType "swiss (corr)"]
[EventRounds "1"]
[SourceTitle "Corr 2013"]
[Source "ChessBase"]
[SourceDate "2012.11.12"]
[SourceVersion "1"]
[SourceVersionDate "2012.11.12"]
[SourceQuality "1"]

1. d4 Nf6 2. e4 Nxe4 3. Bd3 d5 4. c4 e5 5. Ne2 Nc6 6. 0-0 Nxd4 7. Nxd4 exd4 8. cxd5 Qxd5 9. Bxe4 Qxe4 10. Re1 Qxe1+ 11. Qxe1+ Be7 0-1

[Event "FICGS class D 000177 email"]
[Site "FICGS email"]
[Date "2011.11.13"]
[Round "1"]
[White "Piantadosi, Angelo"]
[Black "Ruano, Pablo"]
[Result "1-0"]
[WhiteElo "1420"]
[BlackElo "1565"]
[PlyCount "29"]
[EventDate "2011.??.??"]
[EventType "tourn (corr)"]
[EventRounds "1"]
[SourceTitle "Corr 2022"]
[Source "ChessBase"]
[SourceDate "2021.10.24"]
[SourceVersion "1"]
[SourceVersionDate "2021.10.24"]
[SourceQuality "1"]

1. c4 Nf6 2. Nc3 e5 3. d3 Nc6 4. Nf3 Bb4 5. Bd2 d6 6. e3 0-0 7. Be2 Bf5 8. 0-0 Qd7 9. Nd5 e4 10. Nxf6+ gxf6 11. a3 exd3 12. Bxb4 dxe2 13. Qxe2 Rfe8 14. Qd2 Be4 15. Qc3 1-0

[Event "FICGS class D 000177 email"]
[Site "FICGS email"]
[Date "2011.11.13"]
[Round "1"]
[White "Ruano, Pablo"]
[Black "Brulland, Emmanuel"]
[Result "0-1"]
[WhiteElo "1565"]
[BlackElo "1401"]
[PlyCount "28"]
[EventDate "2011.??.??"]
[EventType "tourn (corr)"]
[EventRounds "1"]
[SourceTitle "Corr 2022"]
[Source "ChessBase"]
[SourceDate "2021.10.24"]
[SourceVersion "1"]
[SourceVersionDate "2021.10.24"]
[SourceQuality "1"]

1. d4 d5 2. c4 e6 3. Nc3 Nf6 4. Nf3 Be7 5. cxd5 Nxd5 6. e4 Nxc3 7. bxc3 0-0 8. Bc4 a6 9. 0-0 Nd7 10. Bf4 Nf6 11. e5 Nd5 12. Bg3 Re8 13. Rb1 Nb6 14. Bb3 Nd5 0-1

[Event "FICGS class D 000176 email"]
[Site "FICGS email"]
[Date "2011.10.22"]
[Round "1"]
[White "Eilering, David"]
[Black "Ruano, Pablo"]
[Result "1-0"]
[WhiteElo "1425"]
[BlackElo "1544"]
[PlyCount "37"]
[EventDate "2011.??.??"]
[EventType "tourn (corr)"]
[EventRounds "2"]
[SourceTitle "Corr 2022"]
[Source "ChessBase"]
[SourceDate "2021.10.24"]
[SourceVersion "1"]
[SourceVersionDate "2021.10.24"]
[SourceQuality "1"]

1. d4 d5 2. c4 e6 3. Nc3 Bb4 4. Qc2 Ne7 5. Nf3 0-0 6. e3 Nbc6 7. Bd2 a5 8. a3 Bxc3 9. Bxc3 b6 10. Bd3 f5 11. c5 bxc5 12. dxc5 Ba6 13. 0-0 Bxd3 14. Qxd3 a4 15. Rad1 Rb8 16. Nd4 Nxd4 17. Qxd4 Rf7 18. Qxa4 c6 19. b4 1-0

[Event "FICGS class D 000176 email"]
[Site "FICGS email"]
[Date "2011.10.22"]
[Round "1"]
[White "Plunkett, Louis"]
[Black "Ruano, Pablo"]
[Result "1-0"]
[WhiteElo "1586"]
[BlackElo "1544"]
[PlyCount "29"]
[EventDate "2011.??.??"]
[EventType "tourn (corr)"]
[EventRounds "2"]
[SourceTitle "Corr 2022"]
[Source "ChessBase"]
[SourceDate "2021.10.24"]
[SourceVersion "1"]
[SourceVersionDate "2021.10.24"]
[SourceQuality "1"]

1. c4 e5 2. g3 Nf6 3. Bg2 Bc5 4. Nc3 0-0 5. a3 Nc6 6. e3 d6 7. b4 Bb6 8. Nge2 Bg4 9. h3 Bf5 10. e4 Bg6 11. 0-0 Nd4 12. Bb2 Qe7 13. Nd5 Nxd5 14. cxd5 f5 15. f3 1-0

[Event "FICGS class D 000176 email"]
[Site "FICGS email"]
[Date "2011.10.22"]
[Round "1"]
[White "Ruano, Pablo"]
[Black "Price, Eric A Sr"]
[Result "0-1"]
[WhiteElo "1544"]
[BlackElo "1481"]
[PlyCount "24"]
[EventDate "2011.??.??"]
[EventType "tourn (corr)"]
[EventRounds "2"]
[SourceTitle "Corr 2022"]
[Source "ChessBase"]
[SourceDate "2021.10.24"]
[SourceVersion "1"]
[SourceVersionDate "2021.10.24"]
[SourceQuality "1"]

1. e4 e5 2. Nf3 Nc6 3. Bc4 Nf6 4. Nc3 Be7 5. 0-0 0-0 6. d3 Re8 7. Be3 h6 8. h3 Bf8 9. a3 d6 10. Qe2 Ne7 11. Rfe1 c6 12. b4 d5 0-1

[Event "FICGS class C 000175 email"]
[Site "FICGS email"]
[Date "2011.04.29"]
[Round "1"]
[White "Rakotomaniraka, Sandro"]
[Black "Ruano, Pablo"]
[Result "0-1"]
[WhiteElo "1800"]
[BlackElo "1712"]
[PlyCount "22"]
[EventDate "2011.??.??"]
[EventType "tourn (corr)"]
[EventRounds "5"]
[SourceTitle "Corr 2013"]
[Source "ChessBase"]
[SourceDate "2012.11.12"]
[SourceVersion "1"]
[SourceVersionDate "2012.11.12"]
[SourceQuality "1"]

1. e4 c5 2. Bb5 a6 3. Nf3 axb5 4. 0-0 Nc6 5. Nc3 e5 6. b3 Nf6 7. d3 b4 8. Ne2 Be7 9. Bg5 d6 10. Bxf6 Bxf6 11. a4 0-0 0-1

[Event "FICGS class C 000160 email"]
[Site "FICGS email"]
[Date "2010.10.25"]
[Round "1"]
[White "Satonnet, Patrick"]
[Black "Ruano, Pablo"]
[Result "1-0"]
[WhiteElo "1613"]
[BlackElo "1731"]
[PlyCount "27"]
[EventDate "2010.??.??"]
[EventType "tourn (corr)"]
[EventRounds "6"]
[SourceTitle "Corr 2013"]
[Source "ChessBase"]
[SourceDate "2012.11.12"]
[SourceVersion "1"]
[SourceVersionDate "2012.11.12"]
[SourceQuality "1"]

1. e4 c5 2. f4 e6 3. Nf3 Nc6 4. Bb5 Nf6 5. Nc3 a6 6. Bxc6 dxc6 7. h4 Bd6 8. e5 Bc7 9. exf6 Qxf6 10. d3 0-0 11. h5 Re8 12. Ne4 Qe7 13. h6 gxh6 14. Rxh6 1-0

[Event "FICGS W-ch st1 g24 email"]
[Site "FICGS email"]
[Date "2009.11.02"]
[Round "1"]
[White "Kis Kos, Laszlo"]
[Black "Ruano, Pablo"]
[Result "1-0"]
[WhiteElo "1652"]
[BlackElo "1636"]
[PlyCount "115"]
[EventDate "2009.??.??"]
[EventType "tourn (corr)"]
[EventRounds "8"]
[SourceTitle "Corr 2022"]
[Source "ChessBase"]
[SourceDate "2021.10.24"]
[SourceVersion "1"]
[SourceVersionDate "2021.10.24"]
[SourceQuality "1"]

1. e4 c5 2. Nf3 Nc6 3. d4 cxd4 4. Nxd4 Nf6 5. Nc3 d6 6. Bg5 Bd7 7. Qd2 h6 8. Bh4 g5 9. Bg3 Nxd4 10. Qxd4 Bg7 11. 0-0-0 Nh5 12. Qb4 Qb6 13. Nd5 Qxb4 14. Nxb4 Nxg3 15. hxg3 e6 16. Rxd6 Bf8 17. Rd4 Bc5 18. Rxd7 Kxd7 19. Nd3 Bb6 20. Be2 Ke7 21. c3 Rad8 22. Kc2 Rd6 23. e5 Rxd3 24. Kxd3 Bxf2 25. g4 Rd8+ 26. Kc2 Bg3 27. Rxh6 Bxe5 28. Rh5 Bf4 29. Bd3 a6 30. a4 e5 31. Be4 Rd2+ 32. Kb3 b5 33. axb5 axb5 34. Bc6 Kd6 35. Bxb5 e4 36. g3 Rd5 37. Bc4 Rd3 38. Bxd3 exd3 39. Rh1 Bxg3 40. Kc4 d2 41. Kd3 Be1 42. Ke2 Kc5 43. Rxe1 dxe1Q+ 44. Kxe1 Kc4 45. Ke2 Kb3 46. Ke3 Kxb2 47. c4 Kc3 48. c5 Kc4 49. c6 Kc5 50. c7 Kd6 51. c8Q Ke5 52. Qf5+ Kd6 53. Kd4 Ke7 54. Qxg5+ f6 55. Qf5 Kf7 56. Kd5 Ke7 57. g5 Kf7 58. Qxf6+ 1-0

[Event "FICGS W-ch st1 g24 email"]
[Site "FICGS email"]
[Date "2009.11.02"]
[Round "1"]
[White "Ruano, Pablo"]
[Black "Helmer, Janos"]
[Result "0-1"]
[WhiteElo "1636"]
[BlackElo "2088"]
[PlyCount "110"]
[EventDate "2009.??.??"]
[EventType "tourn (corr)"]
[EventRounds "8"]
[SourceTitle "Corr 2022"]
[Source "ChessBase"]
[SourceDate "2021.10.24"]
[SourceVersion "1"]
[SourceVersionDate "2021.10.24"]
[SourceQuality "1"]

1. e4 e5 2. Nf3 Nc6 3. Bb5 a6 4. Ba4 Nf6 5. Nc3 b5 6. Bb3 Be7 7. 0-0 d6 8. Nd5 Na5 9. d4 Nxb3 10. axb3 Nxd5 11. exd5 e4 12. Nd2 f5 13. Qh5+ g6 14. Qe2 0-0 15. f3 exf3 16. Nxf3 Bf6 17. Be3 Re8 18. Qd3 Bd7 19. Rfe1 Qb8 20. b4 Qb7 21. Qb3 Re4 22. Bg5 Bg7 23. Be3 Rae8 24. g3 Qa8 25. Rad1 h6 26. Bf2 Bc8 27. Rxe4 fxe4 28. Nh4 e3 29. Nf3 exf2+ 30. Kxf2 Bf5 31. Rd3 Bxd3 32. Qxd3 Qxd5 33. c3 Rf8 34. Qe3 Qxf3+ 35. Qxf3 Rxf3+ 36. Kxf3 Kf7 37. d5 h5 38. Kf4 Bh6+ 39. Kf3 Bc1 40. b3 Bd2 41. c4 Bxb4 42. g4 hxg4+ 43. Kxg4 Kf6 44. h3 Bd2 45. Kg3 Ke5 46. Kh4 Kd4 47. Kg3 bxc4 48. bxc4 Kxc4 49. Kf2 Kd3 50. h4 a5 51. Kg3 a4 52. Kg4 a3 53. h5 gxh5+ 54. Kxh5 a2 55. Kg6 Ke4 0-1

[Event "FICGS class C 000112 email"]
[Site "FICGS email"]
[Date "2009.04.16"]
[Round "1"]
[White "Skwarczylo, Marek"]
[Black "Ruano, Pablo"]
[Result "1-0"]
[WhiteElo "1982"]
[BlackElo "1675"]
[PlyCount "99"]
[EventDate "2009.??.??"]
[EventType "tourn (corr)"]
[EventRounds "4"]
[SourceTitle "Corr 2022"]
[Source "ChessBase"]
[SourceDate "2021.10.24"]
[SourceVersion "1"]
[SourceVersionDate "2021.10.24"]
[SourceQuality "1"]

1. d4 e6 2. c4 Nf6 3. Nf3 b6 4. a3 Bb7 5. Nc3 Be7 6. d5 0-0 7. e4 exd5 8. cxd5 Re8 9. Bd3 c6 10. 0-0 cxd5 11. exd5 d6 12. Re1 Nxd5 13. Nxd5 Bxd5 14. Bxh7+ Kxh7 15. Qxd5 Nd7 16. Qxf7 Ne5 17. Nxe5 dxe5 18. Bd2 Bc5 19. Be3 a5 20. Bxc5 bxc5 21. Re3 Ra6 22. Rh3+ Rh6 23. Qf5+ Kg8 24. Rxh6 gxh6 25. Qg6+ Kf8 26. Qxh6+ Kg8 27. Re1 Qe7 28. Re3 Qg7 29. Rg3 Qxg3 30. hxg3 e4 31. Qg5+ Kf8 32. Qxc5+ Kf7 33. Qh5+ Ke7 34. Qxe8+ Kxe8 35. b4 axb4 36. axb4 Kd7 37. g4 Ke6 38. b5 Kd6 39. g5 Kc5 40. g6 Kxb5 41. g7 Kc4 42. g8Q+ Kd3 43. Qb3+ Kd4 44. Kf1 Ke5 45. Ke2 Kf4 46. Qd5 e3 47. fxe3+ Kg3 48. Qg5+ Kh2 49. Kf2 Kh1 50. Qh5# 1-0